Bulletin (Canadian Archaeological Association)

محفوظ في:

التنسيق: دورية

اللغة: Undetermined

منشور في: JSTOR
Canadian Archaeological Association

الموضوعات:

الوصول للمادة أونلاين: Login to view Source

الوسوم: إضافة وسم

لا توجد وسوم, كن أول من يضع وسما على هذه التسجيلة!

رقم الطلب:

LEADER 00511nas a2200157Ia 4500
008 220214c99999999xx |||||||||||| ||und||
022 |a 0315-761X 
245 0 0 |a Bulletin (Canadian Archaeological Association) 
264 1 |b JSTOR 
264 1 |b Canadian Archaeological Association 
362 0 |a (1969)-(1976) 
653 1 0 |a Social Sciences 
856 4 0 |u https://www.jstor.org/journal/bullcanaarchasso 
942 |c JL 
952 |0 0  |1 0  |4 0  |7 1  |9 34284  |a JSR  |b JSR  |d 2022-02-14  |l 0  |r 2022-02-14 00:00:00  |w 2022-02-14  |y JL 
999 |c 42617  |d 42617